Movies Quiz

Random Movies or Disney Quiz

Animated Movies Venn Diagram Quiz Stats

 Plays Quiz Updated Apr 27, 2018

Challenge
Share
Tweet
Score 0/8 Timer 03:00
6 Plays Today
% Correct
The Boss Baby
77.1%
Wreck-It Ralph
73.9%
Bambi
73.6%
Kung Fu Panda 3
70.4%
Zootopia
67.8%
Shark Tale
65.8%
Bolt
61.3%
Fantastic Mr. Fox
42%

You're not logged in!

Compare scores with friends on all Sporcle quizzes.
OR
Log In

You Might Also Like...

Show Comments

Extras

Top Quizzes Today


Score Distribution

Your Account Isn't Verified!

In order to create a playlist on Sporcle, you need to verify the email address you used during registration. Go to your Sporcle Settings to finish the process.

Report this User

Report this user for behavior that violates our Community Guidelines.

Details: